Destinos de España más LGTBIQ+ friendly - Estadísticas

Estadísticas generales
  • Esta prueba ha sido intentada 118 veces
    115 desde el último reinicio
  • La puntuación promedio es 6 de 12
Estadísticas de respuestas
Hint Respuesta % Correcto
B Barcelona
98%
M Madrid
93%
V Valencia
88%
S Sevilla
79%
I Ibiza
45%
P Palma de Mallorca
43%
C Cádiz
40%
Maspalomas
37%
T Torremolinos
29%
Benidorm
28%
Sitges
26%
Las Palmas
21%
No se encontraron pruebas coincidentes
Distribución de puntuación
Porcentaje de gente con cada puntuación
Porcentaje por número respondido
Historial de tus puntuaciones
No has intentado esta prueba desde el último reinicio